Comparación entre técnicas de modelado y análisis computacional de edificios de tipo muro
Guardado en:
| Hovedforfatter: | |
|---|---|
| Format: | Bog |
| Sprog: | Spanish |
| Udgivet: |
[San José ], Costa Rica
2018
|
| Fag: | |
| Tags: |
Tilføj Tag
Ingen Tags, Vær først til at tagge denne postø!
|
MARC
| LEADER | 00000nam a22000007a 4500 | ||
|---|---|---|---|
| 003 | 012915 | ||
| 005 | 20221231144348.0 | ||
| 008 | 180911b2018 cr a|||| |m|| 00| ||spa d | ||
| 040 | |c cru CEDI | ||
| 090 | |a TFG 8067 | ||
| 100 | |9 13831 |a Álvarez González, Sergio Gabriel | ||
| 245 | |a Comparación entre técnicas de modelado y análisis computacional de edificios de tipo muro | ||
| 260 | |a [San José ], Costa Rica |c 2018 | ||
| 300 | |a xiv, 106 hojas :ilustraciones a color | ||
| 500 | |a Proyecto de graduación (licenciatura en ingeniería civil)--Universidad de Costa Rica. Facultad de Ingeniería. Escuela de Ingeniería Civil | ||
| 650 | |x ANALISIS ESTRUCTURAL (INGENIERIA) |x RESISTENCIA DE MATERIALES |x MUROS DE HORMIGON - PRUEBAS - METODOS - EVALUACION |x MAMPOSTERIA DE HORMIGON - PRUEBAS |x RESISTENCIA DE MATERIALES - PRUEBAS |9 13832 | ||
| 942 | |c TFG | ||
| 999 | |c 20751 |d 20751 | ||
